<?xml version="1.0" encoding="UTF-8"?>
<collection xmlns="http://www.loc.gov/MARC21/slim">
 <record>
  <leader>00778pamaa2200217   4500</leader>
  <controlfield tag="001">0000046813</controlfield>
  <controlfield tag="005">20121206090000.0</controlfield>
  <controlfield tag="008">100308                             eng  </controlfield>
  <datafield tag="020" ind1="0" ind2="0">
   <subfield code="a">1579221157 (pbk.) </subfield>
  </datafield>
  <datafield tag="090" ind1="0" ind2="0">
   <subfield code="a">LB3063 </subfield>
   <subfield code="b">STE 2005</subfield>
  </datafield>
  <datafield tag="100" ind1="1" ind2="0">
   <subfield code="a">Stevens </subfield>
  </datafield>
  <datafield tag="245" ind1="1" ind2="0">
   <subfield code="a">Introduction to rubrics : </subfield>
   <subfield code="b">an assessment tool to save grading time, convey effective feedback, and promote student learning  </subfield>
   <subfield code="c">Dannelle D. Stevens, Antonia Levi.</subfield>
  </datafield>
  <datafield tag="250" ind1="0" ind2="0">
   <subfield code="a">1st ed.</subfield>
  </datafield>
  <datafield tag="260" ind1="0" ind2="0">
   <subfield code="a">Sterling, Va.: </subfield>
   <subfield code="b">Stylus Pub., </subfield>
   <subfield code="c">2005.</subfield>
  </datafield>
  <datafield tag="300" ind1=" " ind2=" ">
   <subfield code="a">ix, 131 p.: </subfield>
   <subfield code="b">ill.; </subfield>
   <subfield code="c">26 cm.</subfield>
  </datafield>
  <datafield tag="501" ind1="0" ind2="0">
   <subfield code="a">FAS</subfield>
  </datafield>
  <datafield tag="504" ind1="0" ind2="0">
   <subfield code="a">Includes bibliographical references (p. 111-112) and index</subfield>
  </datafield>
  <datafield tag="650" ind1="0" ind2="0">
   <subfield code="a">Grading and marking (Students) </subfield>
  </datafield>
  <datafield tag="650" ind1="0" ind2="0">
   <subfield code="a">Students -- </subfield>
   <subfield code="x">Rating of </subfield>
  </datafield>
  <datafield tag="700" ind1="1" ind2="1">
   <subfield code="a">Levi, </subfield>
   <subfield code="h">Antonia </subfield>
  </datafield>
  <datafield tag="901" ind1=" " ind2=" ">
   <subfield code="u">www.styluspub.com</subfield>
  </datafield>
 </record>
</collection>
